[Event "AUTO-MASTER-3009"]
[Site "http://www.queenalice.com/game.php?id=1660535"]
[Date "2021.4.23"]
[Round "2"]
[White "filou"]
[Black "seega"]
[Result "1-0"]
[WhiteElo "2278"]
[BlackElo "2335"]

1. e4 c5 2. Nf3 a6 3. Bc4 e6 4. Nc3 b5 5. Be2 Bb7 6. d3 d6 7. O-O Qc7 8. a4 b4
9. Na2 Nf6 10. b3 Be7 11. Bb2 Nbd7 12. c3 bxc3 13. Nxc3 O-O 14. Re1 d5 15. exd5
exd5 16. Rc1 Rac8 17. d4 Qd8 18. Bf1 Re8 19. Ne2 cxd4 20. Rxc8 Qxc8 21. Nexd4
Bb4 22. Rxe8+ Qxe8 23. Qc1 h6 24. Nf5 Qc8 25. Qf4 Bc3 26. Ne7+ 1-0

[Event "AUTO-MASTER-2997"]
[Site "http://www.queenalice.com/game.php?id=1758373"]
[Date "2021.5.2"]
[Round "2"]
[White "jlpbarreto"]
[Black "seega"]
[Result "0-1"]
[WhiteElo "2056"]
[BlackElo "2363"]

1. e4 c5 2. c3 a6 3. d4 cxd4 4. cxd4 d5 5. exd5 Nf6 6. Nf3 g6 7. Bc4 Nxd5 8. O-O
Bg7 9. Re1 Nc6 10. Nc3 Nxc3 11. bxc3 O-O 12. Bg5 Qc7 13. Bb3 Bg4 14. Qd3 Bxf3
15. Qxf3 e6 16. Rad1 Na5 17. Bf6 Bxf6 18. Qxf6 Nxb3 19. axb3 Qxc3 20. Re3 Qc6
21. h3 Rad8 22. Red3 Rd5 23. Kh2 Qc7+ 24. Kg1 Rfd8 25. Kh1 e5 26. f3 Qd6 27. Qh4
Rxd4 28. Rxd4 exd4 29. Rd3 a5 30. Qe4 Qd5 31. Qe1 Kg7 32. Kg1 Qc5 33. Qd1 b5 34.
Kf1 Qb4 35. Kg1 a4 36. bxa4 bxa4 37. Qc1 Rc8 38. Qd2 Qxd2 39. Rxd2 a3 40. Ra2
Rc3 41. Kf2 Rb3 42. Ke1 d3 43. Kd1 Rb1+ 44. Kd2 Rb2+ 45. Rxb2 axb2 46. Kxd3
b1=Q+ 47. Kd2 Qb2+ 48. Kd3 Qxg2 49. Kd4 Qxf3 50. Ke5 f5 51. Kd4 Qe4+ 52. Kc5 f4
53. Kd6 f3 54. h4 f2 55. Kc5 f1=Q 56. h5 Qfc4+ 57. Kd6 Qcc6# 0-1

[Event "AUTO-ELITE-2336"]
[Site "http://www.queenalice.com/game.php?id=1760196"]
[Date "2021.5.22"]
[Round "1"]
[White "LOMBARDY"]
[Black "seega"]
[Result "1-0"]
[WhiteElo "2255"]
[BlackElo "2350"]

1. d4 Nf6 2. c4 e6 3. Nc3 Bb4 4. Qc2 Nc6 5. Nf3 O-O 6. Bg5 Re8 7. e3 h6 8. Bh4
d6 9. Bd3 e5 10. dxe5 dxe5 11. O-O-O Bd7 12. Bh7+ Kf8 13. Bxf6 gxf6 14. Bf5 Bxf5
15. Qxf5 Qc8 16. Qxf6 Bxc3 17. bxc3 Qe6 18. Qxe6 Rxe6 19. Rd7 Re7 20. Rd5 Ke8
21. Rhd1 Rd8 22. e4 Red7 23. Kc2 f6 24. Nh4 Ne7 25. Rxd7 Rxd7 26. Rxd7 Kxd7 27.
Nf5 Nxf5 28. exf5 Kd6 29. f3 1-0

[Event "AUTO-ELITE-2336"]
[Site "http://www.queenalice.com/game.php?id=1760197"]
[Date "2021.5.22"]
[Round "1"]
[White "seega"]
[Black "LOMBARDY"]
[Result "1/2-1/2"]
[WhiteElo "2376"]
[BlackElo "2259"]

1. Nf3 d5 2. d4 Nf6 3. c4 e6 4. Nc3 c6 5. Qb3 Be7 6. Bg5 h6 7. Bh4 Nbd7 8. e3
O-O 9. Be2 dxc4 10. Qxc4 Nb6 11. Qd3 Nbd5 12. O-O b6 13. Rac1 Bb7 14. Ne5 Rc8
15. Bf3 Nd7 16. Bxe7 Qxe7 17. Nxd7 Qxd7 18. a3 Rfd8 19. b4 Qe7 20. Rfd1 g6 21.
Qb1 Kg7 22. Qb2 Kg8 23. Bxd5 cxd5 24. Nb1 Qd7 1/2-1/2

[Event "AUTO-ELITE-2336"]
[Site "http://www.queenalice.com/game.php?id=1760200"]
[Date "2021.5.22"]
[Round "1"]
[White "trompmaster"]
[Black "seega"]
[Result "1-0"]
[WhiteElo "2399"]
[BlackElo "2372"]

1. d3 b6 2. e4 Bb7 3. Nd2 e6 4. Ngf3 c5 5. c3 Nf6 6. Qc2 Nc6 7. Be2 Rc8 8. O-O
d5 9. Re1 Be7 10. Bf1 O-O 11. g3 d4 12. c4 e5 13. Nh4 g6 14. Ndf3 Nh5 15. a3 a5
16. Bh3 Ra8 17. Bg4 Ng7 18. Bh6 Bc8 19. Bxc8 Qxc8 20. Qd2 Re8 21. Bxg7 Kxg7 22.
b3 h6 23. Reb1 Qg4 24. Kg2 1-0

[Event "AUTO-ELITE-2336"]
[Site "http://www.queenalice.com/game.php?id=1760201"]
[Date "2021.5.22"]
[Round "1"]
[White "seega"]
[Black "trompmaster"]
[Result "0-1"]
[WhiteElo "2361"]
[BlackElo "2407"]

1. Nf3 d6 2. d4 Nd7 3. c4 e5 4. g3 Be7 5. Nc3 h6 6. Bg2 c6 7. O-O Ngf6 8. e4 Qc7
9. b3 O-O 10. Bb2 Nh7 11. dxe5 dxe5 12. Qc2 Nc5 13. Ne2 Bf6 14. h4 Rd8 15. Rfd1
Bg4 16. Rxd8+ Rxd8 17. Rd1 Rxd1+ 18. Qxd1 Nxe4 19. Nh2 Bf5 20. Nf1 Nc5 21. Ne3
Bg6 22. Nc1 e4 23. Bxf6 Nxf6 24. Bf1 Qa5 0-1

[Event "AUTO-ELITE-2338"]
[Site "http://www.queenalice.com/game.php?id=1760940"]
[Date "2021.5.30"]
[Round "1"]
[White "Diego_Silveira"]
[Black "seega"]
[Result "0-1"]
[WhiteElo "2193"]
[BlackElo "2336"]

1. d4 Nf6 2. c4 e6 3. Nf3 Bb4+ 4. Bd2 Qe7 5. a3 Bxd2+ 6. Nbxd2 d6 7. e4 e5 8. d5
O-O 9. Bd3 a5 10. O-O Na6 11. Ne1 Nc5 12. Bc2 a4 13. Qe2 Bg4 14. f3 Bd7 15. Nd3
Nxd3 16. Qxd3 b6 17. b3 axb3 18. Nxb3 Ba4 19. Nd2 Nd7 20. Ra2 Nc5 21. Qc3 Bxc2
22. Qxc2 Qg5 23. Qc3 f5 24. exf5 Qxf5 25. Nb3 Nxb3 26. Qxb3 Qf4 27. Qd3 Ra4 28.
Rc2 Rfa8 29. Ra1 Qd4+ 30. Qxd4 exd4 31. Rca2 Rxc4 32. Kf2 Rc5 33. Ke2 Rxd5 34.
Kd3 Ra4 35. Rc1 Rc5 36. Rxc5 dxc5 37. f4 b5 38. g3 b4 39. Kc4 Rxa3 0-1

[Event "AUTO-ELITE-2338"]
[Site "http://www.queenalice.com/game.php?id=1760941"]
[Date "2021.5.30"]
[Round "1"]
[White "seega"]
[Black "Diego_Silveira"]
[Result "1/2-1/2"]
[WhiteElo "2341"]
[BlackElo "2188"]

1. Nf3 Nf6 2. c4 c5 3. b3 g6 4. Bb2 Bg7 5. g3 O-O 6. Bg2 d5 7. cxd5 Nxd5 8. Bxg7
Kxg7 9. O-O Nc6 10. d4 Nxd4 11. Nxd4 cxd4 12. Qxd4+ Nf6 13. Qb2 Qb6 14. Nc3 Kg8
15. Rac1 Be6 16. Na4 Qb5 17. Nc3 Qb6 18. e3 Rfd8 19. Rfd1 Bg4 20. Rxd8+ Rxd8 21.
h3 Be6 22. Ne2 Nd5 23. Nd4 Nb4 24. Nxe6 Qxe6 25. Qe2 Qd7 26. a3 Nc6 27. b4 e5
28. Bxc6 bxc6 29. Qc4 Qd3 30. Qxd3 Rxd3 31. Rxc6 Rxa3 32. b5 Kg7 33. b6 axb6
1/2-1/2

[Event "AUTO-ELITE-2338"]
[Site "http://www.queenalice.com/game.php?id=1760946"]
[Date "2021.5.30"]
[Round "1"]
[White "mascarade"]
[Black "seega"]
[Result "1-0"]
[WhiteElo "2407"]
[BlackElo "2347"]

1. Nf3 Nf6 2. d4 e6 3. Nc3 Bb4 4. Bd2 O-O 5. e3 d5 6. a3 Be7 7. Bd3 b6 8. O-O
Bb7 9. Be2 c5 10. dxc5 bxc5 11. Na4 Nc6 12. c4 d4 13. exd4 cxd4 14. Bd3 a5 15.
c5 Ba6 16. Bxa6 Rxa6 17. b4 axb4 18. axb4 Qb8 19. Nb6 Rxa1 20. Qxa1 Rd8 21. Re1
Nd5 22. Nxd5 Rxd5 23. Qa4 Na7 24. Qa6 Nb5 25. Rxe6 Nc7 26. Qb6 1-0

[Event "AUTO-ELITE-2338"]
[Site "http://www.queenalice.com/game.php?id=1760947"]
[Date "2021.5.30"]
[Round "1"]
[White "seega"]
[Black "mascarade"]
[Result "1-0"]
[WhiteElo "2345"]
[BlackElo "2326"]

1. Nf3 d5 2. d4 Nf6 3. c4 dxc4 4. Qa4+ Nc6 5. Nc3 Bd7 6. Qxc4 Be6 7. Qd3 Nd5 8.
Nxd5 Bxd5 9. e4 Nb4 10. Qb5+ Bc6 11. Qxb4 e6 12. Qc3 1-0

[Event "AUTO-OPEN-4269"]
[Site "http://www.queenalice.com/game.php?id=1766519"]
[Date "2021.8.8"]
[Round "2"]
[White "BobFicha"]
[Black "seega"]
[Result "0-1"]
[WhiteElo "1803"]
[BlackElo "2337"]

1. e4 c5 2. Nf3 e6 3. Bb5 a6 4. Bc4 b5 5. Be2 Bb7 6. d3 d6 7. b3 Nf6 8. Bb2 Be7
9. O-O O-O 10. Nbd2 Nbd7 11. c4 b4 12. a3 a5 13. a4 d5 14. e5 Ng4 15. h3 Nh6 16.
Bc1 Nf5 17. Bb2 d4 18. Nh2 Nxe5 19. Ne4 Bxe4 20. dxe4 Nd6 21. f3 f5 22. f4 Ng6
23. e5 Ne4 24. Qe1 Bh4 25. Qc1 Bg3 26. Bh5 Qh4 27. Bxg6 Bf2+ 0-1

[Event "AUTO-OPEN-4269"]
[Site "http://www.queenalice.com/game.php?id=1766520"]
[Date "2021.8.8"]
[Round "2"]
[White "seega"]
[Black "BobFicha"]
[Result "1-0"]
[WhiteElo "2338"]
[BlackElo "1801"]

1. Nf3 c5 2. c4 Nf6 3. b3 d6 4. Bb2 e5 5. g3 Nc6 6. Bg2 Bd7 7. O-O a6 8. Nc3 Be6
9. e3 g6 10. d4 Bg4 11. dxc5 dxc5 12. Qxd8+ Rxd8 13. Nd5 Nxd5 14. cxd5 Nb4 15.
Bxe5 Rg8 16. e4 Nd3 17. Bf6 Rd7 18. h3 Bxf3 19. Bxf3 h5 20. a3 Bd6 21. Be2 Be5
22. Bxe5 Nxe5 23. f4 Re7 24. d6 Re6 25. fxe5 Rxe5 26. Bc4 Kd7 27. Rxf7+ Kd8 28.
Rxb7 Kc8 29. Rc7+ Kd8 30. Bxg8 Rxe4 31. Rf1 1-0

[Event "AUTO-OPEN-4269"]
[Site "http://www.queenalice.com/game.php?id=1766528"]
[Date "2021.8.8"]
[Round "2"]
[White "Alexandrovinsk"]
[Black "seega"]
[Result "1/2-1/2"]
[WhiteElo "2153"]
[BlackElo "2343"]

1. d4 Nf6 2. Nf3 e6 3. c4 Bb4+ 4. Bd2 Qe7 5. Nc3 b6 6. e3 Bb7 7. g3 O-O 8. Bg2
Bxc3 9. Bxc3 Ne4 10. Qc2 f5 11. O-O Nxc3 12. Qxc3 d6 13. Rfd1 Nd7 14. h4 Nf6 15.
Nd2 Bxg2 16. Kxg2 Ne4 17. Qc2 Nxd2 18. Rxd2 a5 19. b3 e5 20. dxe5 Qxe5 21. Rad1
Rae8 22. Rd5 Qe4+ 23. Qxe4 Rxe4 24. R1d4 Re7 25. a4 h5 1/2-1/2

[Event "AUTO-OPEN-4261"]
[Site "http://www.queenalice.com/game.php?id=1771888"]
[Date "2021.10.10"]
[Round "2"]
[White "seega"]
[Black "RaulSoft"]
[Result "0-1"]
[WhiteElo "2342"]
[BlackElo "2708"]

1. Nf3 d5 2. d4 Nf6 3. b3 c5 4. e3 cxd4 5. exd4 Nc6 6. Bb2 Bg4 7. Be2 e6 8. O-O
Bd6 9. h3 Bf5 10. c3 O-O 11. Nbd2 Nh5 12. Re1 Nf4 0-1

[Event "AUTO-OPEN-4261"]
[Site "http://www.queenalice.com/game.php?id=1771889"]
[Date "2021.10.10"]
[Round "2"]
[White "RaulSoft"]
[Black "seega"]
[Result "1-0"]
[WhiteElo "2702"]
[BlackElo "2318"]

1. d4 Nf6 2. c4 e6 3. g3 Bb4+ 4. Bd2 Qe7 5. Nf3 O-O 6. Bg2 b6 7. O-O Bxd2 8.
Nfxd2 c6 9. e4 d5 10. e5 Nfd7 11. Nc3 f6 12. cxd5 1-0

[Event "AUTO-OPEN-4269"]
[Site "http://www.queenalice.com/game.php?id=1772532"]
[Date "2021.10.17"]
[Round "3"]
[White "Alexandrovinsk"]
[Black "seega"]
[Result "1-0"]
[WhiteElo "2344"]
[BlackElo "2341"]

1. d4 Nf6 2. Nf3 b6 3. c4 Bb7 4. g3 e6 5. Bg2 Bb4+ 6. Bd2 Qe7 7. O-O Bxd2 8.
Nbxd2 O-O 9. Re1 d6 10. Qc2 Nbd7 11. e4 e5 12. b4 a5 13. a3 1-0

[Event "AUTO-OPEN-4269"]
[Site "http://www.queenalice.com/game.php?id=1772533"]
[Date "2021.10.17"]
[Round "3"]
[White "seega"]
[Black "Alexandrovinsk"]
[Result "0-1"]
[WhiteElo "2329"]
[BlackElo "2356"]

1. Nf3 f5 2. g3 Nf6 3. Bg2 e6 4. O-O g6 5. c4 Bg7 6. Nc3 O-O 7. d4 d5 8. Bg5 c6
9. Rc1 dxc4 10. Ne5 Qc7 11. Nxc4 Nbd7 0-1